| 000 | 00875nam a2200253 a 4500 | ||
|---|---|---|---|
| 001 | 63551 | ||
| 003 | BD-RjUL | ||
| 005 | 20211209081217.0 | ||
| 008 | 170131r19571955njuaf b 001 0 eng | ||
| 035 | _a(BD-RjUL)63680 | ||
| 040 |
_aDLC _cDLC _dBD-RjUL _beng |
||
| 041 | _aeng | ||
| 082 | 0 | 0 |
_a909 _223 _bBRH 1957 |
| 100 | 1 |
_aBrinton, Crane, _d1898-1968. _9188913 |
|
| 245 | 1 | 2 |
_aA history of civilization / _cCrane Brinton, John B. Christopher, Robert Lee Wolff. |
| 260 |
_aEnglewood, Cliffs, N.J. : _bPrentice-Hall, _cc1955 [sixth printing 1957] |
||
| 300 |
_av. 2 _bill. ; _c28 cm. |
||
| 504 | _aIncludes bibliographies and index. | ||
| 505 | 0 | _av. 1. Prehistory to 1715.--v. 2. 1715 to the present. | |
| 650 | 0 |
_aCivilization _9170722 |
|
| 700 | 1 |
_aChristopher, John B., _ejoint author. _9188914 |
|
| 700 | 1 |
_aWolff, Robert Lee, _ejoint author. _9188915 |
|
| 942 |
_2ddc _cBK |
||
| 999 |
_c63551 _d63551 |
||